00253 a2200109 4500001000700000020000600007040001100013100002300024240004600047245004100093362000900134166804 a  cMagnum aKaufman, Ana Maria10aEscola, leitura e producao de textoslpor10aEscola, leitura e producao de textos0 a1899